Top 10 Most Guessed Countries By Continent - Asia - Statistics

General Stats
  • This quiz has been taken 31 times
  • The average score is 9 of 10
Answer Stats
# % Answer % Correct
1 94% China
100%
3 91% India
100%
2 91% Japan
100%
5 85% South Korea
100%
7 82% Iran
90%
9 77% Pakistan
90%
8 79% Iraq
87%
4 85% North Korea
87%
6 84% Turkey
83%
10 76% Mongolia
80%
No matching quizzes found
Score Distribution
Percent of People with Each Score
Percentile by Number Answered
Your Score History
You have not taken this quiz